[Event "Padova op-B 3rd"]
[Site "Padova"]
[Date "2000.12.10"]
[Round "5.21"]
[White "Moschini, Costantino"]
[Black "Solinas, Roberto"]
[Result "0-1"]
[WhiteElo "1465"]
[BlackElo "1606"]
[PlyCount "96"]
[EventDate "2000.12.02"]
[EventType "swiss"]
[EventRounds "6"]
[EventCountry "ITA"]
[SourceTitle "EXT 2024"]
[Source "ChessBase"]
[SourceDate "2023.10.10"]
[SourceVersion "1"]
[SourceVersionDate "2023.10.10"]
[SourceQuality "1"]

1. d4 Nf6 2. Nf3 d5 3. Nbd2 Bf5 4. e3 Nbd7 5. Nh4 Bg6 6. Nxg6 hxg6 7. Bd3 e5 8. 0-0 e4 9. Bb5 c6 10. Ba4 Bd6 11. h3 Qe7 12. c4 0-0-0 13. cxd5 cxd5 14. Qc2+ Kb8 15. Nb3 Rc8 16. Qe2 Nb6 17. Bb5 Nfd7 18. a4 Qg5 19. Qg4 Qxg4 20. hxg4 Nf6 21. f3 Bg3 22. Nc5 Rh7 23. Rd1 Rch8 24. Kf1 Rh1+ 25. Ke2 Rxd1 26. Kxd1 Rh2 27. Bf1 Rh1 28. Ke2 g5 29. b3 Nbd7 30. Nxd7+ Nxd7 31. Bd2 Bd6 32. Kf2 a6 33. Rc1 Rh8 34. a5 g6 35. b4 Rc8 36. Rxc8+ Kxc8 37. g3 exf3 38. Kxf3 Nf6 39. Bd3 Kd7 40. e4 dxe4+ 41. Bxe4 Nxe4 42. Kxe4 Bxg3 43. Bxg5 Be1 44. Kd3 Bxb4 45. Bd2 Bxd2 46. Kxd2 f6 47. Ke3 Kd6 48. Kf4 f5 0-1

[Event "Graticolato op-B U1700 8th"]
[Site "Santa Maria di Sala"]
[Date "2000.11.19"]
[Round "3.13"]
[White "Tasson, Giovanni"]
[Black "Moschini, Costantino"]
[Result "1-0"]
[WhiteElo "1474"]
[BlackElo "1465"]
[PlyCount "105"]
[EventDate "2000.11.18"]
[EventType "swiss"]
[EventRounds "6"]
[EventCountry "ITA"]
[SourceTitle "EXT 2023"]
[Source "ChessBase"]
[SourceDate "2022.10.05"]
[SourceVersion "1"]
[SourceVersionDate "2022.10.05"]
[SourceQuality "1"]

1. e4 d6 2. d4 Nf6 3. Nc3 g6 4. Nf3 Bg7 5. Bd3 0-0 6. 0-0 Nbd7 7. h3 e5 8. dxe5 dxe5 9. Bg5 Qe8 10. Qd2 c6 11. Bh6 Nc5 12. Bxg7 Kxg7 13. Qg5 Ne6 14. Qxe5 Qe7 15. a3 Bd7 16. Rad1 Rad8 17. Bc4 Rfe8 18. Rd6 Bc8 19. Rfd1 Rxd6 20. Qxd6 Qxd6 21. Rxd6 Nc5 22. e5 Nfd7 23. b4 Ne6 24. Ne4 h6 25. b5 cxb5 26. Bxb5 Re7 27. Nc3 Nc7 28. Bxd7 Bxd7 29. Ne4 Nb5 30. Rd3 Bf5 31. Re3 Bxe4 32. Rxe4 Nxa3 33. Nd4 a6 34. f4 Nb5 35. Nxb5 axb5 36. Rb4 f6 37. Rxb5 fxe5 38. fxe5 Kf7 39. Kf2 Ke6 40. g4 h5 41. Ke3 hxg4 42. hxg4 Rc7 43. Kd3 Rd7+ 44. Ke4 Rc7 45. Rb6+ Kf7 46. Kd3 Re7 47. Rf6+ Kg7 48. Kd4 Rc7 49. c4 Rd7+ 50. Rd6 Rxd6+ 51. exd6 Kf7 52. Ke5 b6 53. Kd5 1-0

[Event "Graticolato op-A U1900 7th"]
[Site "Santa Maria di Sala"]
[Date "1999.11.27"]
[Round "4.8"]
[White "Quaranta, Cristiano"]
[Black "Moschini, Costantino"]
[Result "1-0"]
[WhiteElo "1552"]
[BlackElo "1513"]
[PlyCount "41"]
[EventDate "1999.11.20"]
[EventType "swiss"]
[EventRounds "6"]
[EventCountry "ITA"]
[SourceTitle "EXT 2023"]
[Source "ChessBase"]
[SourceDate "2022.10.05"]
[SourceVersion "1"]
[SourceVersionDate "2022.10.05"]
[SourceQuality "1"]

1. e4 d6 2. d4 Nf6 3. Nc3 g6 4. Nf3 Bg7 5. Be3 0-0 6. Qd2 c6 7. Be2 Nbd7 8. 0-0-0 b5 9. e5 Ne8 10. h4 Nb6 11. h5 Nc4 12. Bxc4 bxc4 13. hxg6 fxg6 14. Bh6 Bg4 15. Bxg7 Nxg7 16. Qh6 Bxf3 17. Qxh7+ Kf7 18. gxf3 Rg8 19. Rdg1 Qb6 20. Qxg6+ Kf8 21. e6 1-0

[Event "Padova op-A 1st"]
[Site "Padova"]
[Date "1998.12.12"]
[Round "1.9"]
[White "Moschini, Costantino"]
[Black "De Bortoli, Maicol"]
[Result "1/2-1/2"]
[WhiteElo "1579"]
[BlackElo "1744"]
[PlyCount "65"]
[EventDate "1998.12.12"]
[EventType "swiss"]
[EventRounds "6"]
[EventCountry "ITA"]
[SourceTitle "EXT 2023"]
[Source "ChessBase"]
[SourceDate "2022.10.05"]
[SourceVersion "1"]
[SourceVersionDate "2022.10.05"]
[SourceQuality "1"]

1. d4 Nf6 2. Nf3 e6 3. Bg5 b6 4. e3 Bb7 5. Bd3 h6 6. Bh4 Be7 7. Nbd2 d5 8. Qe2 0-0 9. Ne5 Nbd7 10. f4 c5 11. c3 c4 12. Bc2 b5 13. g4 Nxe5 14. fxe5 Nd7 15. Bxe7 Qxe7 16. h4 f6 17. Nf3 fxe5 18. g5 e4 19. Nh2 Rf5 20. 0-0-0 Kh7 21. gxh6 gxh6 22. Rdf1 Raf8 23. Ng4 Qf7 24. Rxf5 Qxf5 25. Bd1 Bc8 26. Nh2 e5 27. Rf1 Qe6 28. Rxf8 Nxf8 29. Qh5 Qf6 30. Qe8 Bd7 31. Ng4 Bxg4 32. Bxg4 Qf1+ 33. Bd1 1/2-1/2